000 00407nam a2200133Ia 4500
001 807
008 241024s9999 xx 000 0 und d
082 _aRD/780.9/R426s
100 _aRepública Dominicana.Secretaría de Estado de Educación
245 0 _aSistema alternativo de Solfeo basado en colores y números Ola Skare
260 _bAlfa & Omega
_c2005
901 _a2/12/2010 3:52:07 p.m.
999 _c7944
_d7944